El problema de la pena (Registro nro. 651)

Detalles MARC
000 -ENCABEZADO
Número de control [NR] 00544nam a2200169Ia 4500
008 - DE LONGITUD FIJA DE DATOS DE ELEMENTOS - INFORMACIÓN GENERAL
Elementos de longitud fija [NR] 130821s1947 ag gr spa
040 ## - FUENTE DE CATALOGACION [NR]
Agencia de catalogación original [NR] Co-BoUCM
Idioma de catalogación [NR] spa
041 ## - CODIGO DE IDIOMA [R]
Código de idioma para texto/pista de sonido o título separado [R] Español
100 1# - ASIENTO PRINCIPAL--NOMBRE PERSONAL [NR]
Nombre personal [NR] Carnelutti, Francesco
Fechas asociadas con el nombre [NR] 1879-
ID Autoridad 39390
245 13 - MENCION DE TITULO [NR]
Título [NR] El problema de la pena
Mención de responsabilidad, etc. [NR] Francesco Carnelutti
260 ## - PUBLICACION, DISTRIBUCION, ETC. (PIE DE IMPRENTA) [R]
Lugar de publicación, distribución, etc. [R] Buenos Aires (Argentina)
Nombre del editor, distribuidor, etc. [R] Ediciones jurídicas Europa-América
Fecha de publicación, distribución, etc. [R] 1947
300 ## - DESCRIPCION FISICA [R]
Extensión [R] 101 páginas
650 04 - ASIENTO SECUNDARIO DE MATERIA - TERMINO TEMATICO [R]
Término temático o nombre geográfico como elemento de entrada [NR] Derecho penal
9 (RLIN) 12805
650 04 - ASIENTO SECUNDARIO DE MATERIA - TERMINO TEMATICO [R]
Término temático o nombre geográfico como elemento de entrada [NR] Penas
9 (RLIN) 21249
942 ## - ELEMENTOS DE ENTRADA AGREGADOS (KOHA)
Tipo de ítem principal el descrito en 300a Libro
Tema principal Derecho
Edición 1
Parte restante de la signatura top. C17
Sistema de clasificación DEWEY
Clasificación 345.02
Existencias
Fecha de último préstamo Total préstamos Total Renewals Signatura topográfica Código de barras Última vez visto Ejemplar Price effective from Tipo de ítem Perdido Sistema de clasificación Dañado No prestable Tipo de ítem específico Suprimido Ubicación habitual Ubicación actual Localización Fecha de creación Forma de adquisición Costo
25/07/2019 2 2 345.02 C17 100022277 03/07/2026 Ej.1 03/02/2013 Libro   DEWEY     Libro   Claustro Claustro 3er piso 28/02/2003 Compra 10.00